Sehenswürdigkeiten weltweit #2 - Statistiken

Allgemein
  • Dieses Quiz wurde 140 mal gespielt
  • Das Durchschnittsergebnis liegt bei 4 aus 16
Antwortstatistiken
Bildquiz Antwort % Korrekt
Stonehenge
78%
Niagarafälle
74%
Alcatraz
58%
Times Square
50%
Great Barrier Reef
40%
Geirangerfjord
39%
Arc de Triomphe
38%
Kilimandscharo
28%
Pink Lake
10%
Schokoladenhügel
7%
Nazca Linien
6%
Vinicunca
5%
Dolomiten
4%
Shilin Yunnan - Steinerne Wald
2%
Skelettküste
2%
Wave Rock
2%
Keine übereinstimmenden Quizze gefunden
Verteilung der Resultate
Anzahl Personen mit jedem Resultat
Perzentil nach korrekt beantworteten Fragen
Ihre Resultats-Entwicklung
Sie haben dieses Quiz noch nicht gespielt